MARC

LEADER 00000nam0a2200000 4500
001 286895
005 20231101235933.0
035 |a (RuTPU)RU\TPU\book\311250 
090 |a 286895 
100 |a 20150311d1970 k y0rusy50 ca 
101 0 |a rus 
102 |a RU 
105 |a a z 001zy 
200 1 |a Геологическая эффективность нефтегазовой электроразведки  |f Е. Н. Каленов 
210 |a Москва  |c Недра  |d 1970 
215 |a 165 с.  |c ил. 
320 |a Библиогр.: с. 161-164. 
606 1 |a Нефтегазоносность  |x Метод электроразведки  |2 stltpush  |3 (RuTPU)RU\TPU\subj\45604  |9 64797 
610 1 |a нефтегазовые месторождения 
610 1 |a электроразведка 
610 1 |a электроразведочные технологии 
610 1 |a геологическая эффективность 
610 1 |a поиски 
610 1 |a Русская платформа 
610 1 |a постоянный ток 
610 1 |a электромагнетизм 
610 1 |a методы 
675 |a 553.98:550.837  |v 3 
700 1 |a Каленов  |b Е. Н.  |g Евгений Николаевич 
801 1 |a RU  |b 63413507  |c 20150311 
801 2 |a RU  |b 63413507  |c 20150930  |g RCR 
942 |c BK